Statistics for US Border Cities

Click here to take the quiz!

General Stats

  • This quiz has been taken 627 times
    (153 since last reset)
  • The average score is 7 of 14

Answer Stats

populationcity% Correct
2,957,000San Diego
94%
831,000El Paso
92%
3,734,000Detroit
88%
936,000Buffalo
77%
182,000Brownsville
68%
259,000Laredo
63%
775,000McAllen
56%
50,000Niagara Falls
30%
39,000Calexico
27%
36,000Del Rio
21%
21,000Nogales
21%
30,000Port Huron
11%
27,000Eagle Pass
8%
26,000San Luis
4%

Score Distribution

Percentile by Number Answered

Percent of People with Each Score

Your Score History

You have not taken this quiz since the last reset